000 00711nam a2200217Ii 4500
003 JO-AjNU
008 230605s9999||||xx |||||||||||||| ||und||
017 _a1987/9/395
040 _aJO-AjNU
_bara
_erda
_cJO-AjNU
041 _aara
050 1 4 _aHN13 .D2 1987
100 3 _aدلاشة، أحمد علي,
_eauthor
_918064
245 0 0 _aمشكلات معاصرة
250 _aط6
264 3 1 _aعمان: مكتبة النهضة الاسلامية، 1987
300 _a175ص
_bيحتوي على ببلوغرافية من ص171-175ص
336 _atext
_btxt
_2rdacontent
337 _aunmediated
_bn
_2rdamedia
338 _avolume
_bnc
_2rdacarrier
650 4 _a المشاكل الاجتماعية 
_918065
999 _aA5707
_c9275
_d9275